The academic library

Uloženo v:
Podrobná bibliografie
Hlavní autor: Brophy, Peter
Médium: Kniha
Jazyk:Undetermined
Vydáno: London Facet 2005
Témata:
Tagy: Přidat tag
Žádné tagy, Buďte první, kdo otaguje tento záznam!
Thư viện lưu trữ: Trung tâm Học liệu Trường Đại học Cần Thơ
LEADER 00446nam a2200181Ia 4500
001 CTU_103024
008 210402s9999 xx 000 0 und d
082 |a 027.7 
082 |b B871 
100 |a Brophy, Peter 
245 4 |a The academic library 
245 0 |c Peter Brophy 
260 |a London 
260 |b Facet 
260 |c 2005 
650 |a Academic libraries 
904 |i Minh 
980 |a Trung tâm Học liệu Trường Đại học Cần Thơ